000 00315nam a22001337a 4500
008 170801b xxu||||| |||| 00| 0 eng d
020 _a0444863397
041 _aeng
080 _a004
100 _a32
101 _aSHKI
245 _aA PROGRAMMING METHODOLOGY IN COMPILER CONSTRUCTION
_cLEWI, J
942 _2udc
_cBK
999 _c22386
_d22386